[Event "Otoño 2016"]
[Site "SchemingMind.com"]
[Date "2016.10.14"]
[Round "-"]
[White "frankly"]
[Black "unomas2013"]
[Result "1/2-1/2"]
[WhiteCountry "ENG"]
[BlackCountry "ESP"]
[WhiteElo "2504"]
[WhiteRD "58"]
[BlackElo "2392"]
[BlackRD "102"]
[GameID "405070"]

1. e4 e5 2. Nf3 Nc6 3. d4 exd4 4. Nxd4 Bc5 5. Be3 Qf6 6. c3 Nge7 7. Bc4 Ne5 8. Be2 Qg6 9. O-O d6 10. f3 O-O
11. Nd2 d5 12. Kh1 a6 13. Qb3 dxe4 14. Nxe4 Ba7 15. Rfd1 c5 16. Bg5 cxd4 17. Bxe7 Re8 18. cxd4 Nxf3 19. Bxf3 Rxe7 20. Re1 Bf5
21. Nc5 Rae8 22. Rxe7=
1/2-1/2

[Event "Otoño 2016"]
[Site "SchemingMind.com"]
[Date "2016.11.14"]
[Round "-"]
[White "Juan Jose Rivas Maceda"]
[Black "frankly"]
[Result "1/2-1/2"]
[WhiteCountry "PER"]
[BlackCountry "ENG"]
[WhiteElo "2571"]
[WhiteRD "95"]
[BlackElo "2504"]
[BlackRD "58"]
[GameID "406385"]

1. e4 c5 2. Nf3 Nc6 3. Nc3 g6 4. d4 cxd4 5. Nxd4 Bg7 6. Be3 Nf6 7. Bc4 O-O 8. Bb3 d6 9. f3 Na5 10. h4 h5
11. Qd2 Bd7 12. Bh6 Nxb3 13. Nxb3 a5 14. Bxg7 Kxg7 15. Nd4 Rc8 16. O-O-O Rc5 17. Kb1 b5 18. Nb3 Rc4 19. g4 b4 20. Nd5 Nxd5
21. exd5 Rh8 22. Qd3 Rc8 23. Nd4 hxg4 24. fxg4 Bxg4 25. Rdg1 Qd7 26. Qg3 Bh5 27. Re1 Kg8 28. Rhf1 Rh7 29. Qg5 Re8=
1/2-1/2

[Event "Otoño 2016"]
[Site "SchemingMind.com"]
[Date "2016.11.23"]
[Round "-"]
[White "Juan Jose Rivas Maceda"]
[Black "greghghs"]
[Result "1-0"]
[WhiteCountry "PER"]
[BlackCountry "ENG"]
[WhiteElo "2572"]
[WhiteRD "82"]
[BlackElo "2298"]
[BlackRD "68"]
[GameID "406778"]

1. e4 c5 2. Nf3 d6 3. d4 cxd4 4. Nxd4 Nf6 5. Nc3 Nc6 6. Bg5 Bd7 7. Qd2 Rc8 8. f3 Nxd4 9. Qxd4 Qa5 10. Be3 a6
11. Qa7 Bc6 12. O-O-O g6 13. Bb6 Qh5 14. g4 Qe5 15. h4 Bg7 16. g5 Nd7 17. Bd4 Qf4+ 18. Kb1 Bxd4 19. Qxd4 Qe5 20. Qd2 Kd8
21. f4 Qc5 22. Rh3 Rc7 23. Re3 Nb6 24. a3 Nc4 25. Bxc4 Qxc4 26. e5 Kc8 27. Rd3 Rd8 28. Qe3 Kb8 29. exd6 exd6 30. Rxd6 Rxd6
31. Rxd6 Bd7 32. b4 Be6 33. Rd8+ Rc8 34. Qe5+ Qc7 35. Rxc8+ Kxc8 36. Qh8+ Kd7 37. Ne4 Qxf4 38. Nc5+
1-0

[Event "Otoño 2016"]
[Site "SchemingMind.com"]
[Date "2016.11.22"]
[Round "-"]
[White "greghghs"]
[Black "frankly"]
[Result "0-1"]
[WhiteCountry "ENG"]
[BlackCountry "ENG"]
[WhiteElo "2111"]
[WhiteRD "67"]
[BlackElo "2509"]
[BlackRD "60"]
[GameID "406780"]

1. e4 c5 2. Nf3 d6 3. d4 cxd4 4. Nxd4 Nf6 5. Nc3 a6 6. Be3 e5 7. Nb3 Be6 8. Qd2 Nbd7 9. f3 Be7 10. g4 O-O
11. O-O-O Qc7 12. Kb1 Rfc8 13. Qf2 b5 14. g5 Nh5 15. h4 b4 16. Nd5 Bxd5 17. Rxd5 Rcb8 18. Na5 Nb6 19. Rd1 g6 20. Be2 Bf8
21. f4 exf4 22. Bxf4 Nxf4 23. Qxf4 Rc8 24. Rd2 Na4 25. Nc4 Nc3+ 26. bxc3 bxc3 27. Rd5 Qb7+ 28. Kc1 Rab8 29. Kd1 Qb1+ 30. Qc1 Qb4
31. a3 Qa4 32. Ne3 Qxe4 33. Rf1 Qxh4 34. Ng4 Be7 35. Nf6+ Bxf6 36. gxf6 Re8
0-1

[Event "Otoño 2016"]
[Site "SchemingMind.com"]
[Date "2016.12.04"]
[Round "-"]
[White "JAHI"]
[Black "frankly"]
[Result "0-1"]
[WhiteCountry "INT"]
[BlackCountry "ENG"]
[WhiteElo "2067"]
[WhiteRD "72"]
[BlackElo "2543"]
[BlackRD "62"]
[GameID "407350"]

1. g3 d5 2. Bg2 c6 3. d3 Bg4 4. f3 Bh5 5. e3 e5 6. d4 Nd7 7. b3 e4 8. Bb2 Bb4+ 9. c3 Bd6 10. Nd2 Qe7
11. Qc1 exf3 12. Ndxf3 O-O-O 13. Nh3 Re8 14. c4 Bb4+ 15. Kf1 Ngf6 16. Ne5 Kb8 17. Nf4 Bd6 18. Nxh5 Nxh5 19. cxd5 cxd5 20. Bxd5 Nhf6
21. Bf3 Bxe5 22. dxe5 Nxe5 23. Qd1 Rc8 24. Kg1 Rhd8 25. Bd4 Nxf3+ 26. Qxf3 Ne4 27. h3 Ka8 28. Rh2 Rc6 29. Rd1 Rdc8 30. Rb2 Ng5
31. Qg2 h5 32. h4 Ne4 33. Qf3 g6 34. Qf4 f6 35. Rg2 a6 36. b4 Qe6 37. g4 Qd5 38. Qf3 Rc1 39. Qf1 Rxd1 40. Qxd1 hxg4
41. Rc2 Rxc2 42. Qxc2 Kb8 43. Qa4 Qc6 44. Qxc6 bxc6 45. Bb6 Kc8 46. Kg2 Kd7 47. a3 Kd6 48. Kg1 Kd5 49. Kg2 f5 50. Ba5 Nc3
51. Bd8 Ke4 52. Be7 Kxe3 53. Bc5+ Ke4 54. Bd6 f4 55. a4 Nxa4 56. Kf1 Nb2 57. b5 cxb5 58. Kg1 Nc4 59. Bc5 g3 60. Kg2 Ne3+
61. Bxe3 Kxe3 62. h5 gxh5 63. Kh3 b4 64. Kh4 g2 65. Kg5 b3 66. Kf6 b2 67. Kg7 b1=Q 68. Kf6 Qe4 69. Kf7 Qe5 70. Kf8 g1=Q
71. Kf7 Qgg7#
0-1

[Event "Otoño 2016"]
[Site "SchemingMind.com"]
[Date "2016.12.01"]
[Round "-"]
[White "JAHI"]
[Black "greghghs"]
[Result "0-1"]
[WhiteCountry "INT"]
[BlackCountry "ENG"]
[WhiteElo "1990"]
[WhiteRD "68"]
[BlackElo "2363"]
[BlackRD "76"]
[GameID "407351"]

1. g3 g6 2. Bg2 Bg7 3. d3 c5 4. e3 Nf6 5. d4 O-O 6. b3 d5 7. Bb2 cxd4 8. exd4 Nc6 9. Nd2 Bf5 10. a3 Qd7
11. Ne2 Bh3 12. Bxh3 Qxh3 13. Nf4 Qf5 14. Nf3 g5 15. Ng2 Qe4+ 16. Kf1 Qf5 17. Ne3 Qh3+ 18. Kg1 Ne4 19. Qf1 Qd7 20. Rd1 f5
21. Ne5 Qe6 22. f3 f4 23. Nxd5 Qxd5 24. fxe4 Qxe4 25. Qc4+ Kh8 26. Qd3 Qe3+ 27. Qxe3 fxe3 28. h3 Rad8 29. Nxc6 bxc6 30. Re1 Rf3
31. Rh2 Rxg3+ 32. Rg2 Rxh3 33. Rxg5 Rf8 34. b4 h6 35. Rg2 Kh7 36. c3 e5 37. Rd1 Rf2 38. Rxf2 exf2+ 39. Kg2 e4 40. Kxf2 Rh2+
41. Ke3 Rxb2 42. Kxe4 Kg6 43. Rg1+ Kf7 44. a4 h5 45. Rh1 Kg6 46. Rg1+ Kh6 47. Rh1 Bf6 48. Kf5 Bg5 49. Ke4 Re2+ 50. Kf5 Bd2
51. Rh3 Rf2+ 52. Ke4 Kg5 53. Rg3+ Kh4 54. Rg7 Bxc3 55. Rxa7 Rd2 56. Rd7 Bxb4 57. Rc7 Kg5 58. Rg7+ Kh6 59. Rc7 h4 60. Rxc6+ Kg5
61. Rc4 Be7 62. a5 h3 63. Rc1 Ra2 64. Kf3 Kf5 65. Rf1 Ra3+ 66. Kf2 Kf4 67. Kg1+ Kg3 68. Kh1 h2 69. Rb1 Bh4 70. a6 Kh3
71. a7 Rxa7 72. d5 Ra3 73. d6 Bf2 74. d7 Rg3 75. Rb3 Rxb3 76. d8=Q Rb1+ 77. Qd1 Rxd1#
0-1

[Event "Otoño 2016"]
[Site "SchemingMind.com"]
[Date "2016.12.02"]
[Round "-"]
[White "JAHI"]
[Black "Juan Jose Rivas Maceda"]
[Result "0-1"]
[WhiteCountry "INT"]
[BlackCountry "PER"]
[WhiteElo "1990"]
[WhiteRD "68"]
[BlackElo "2610"]
[BlackRD "89"]
[GameID "407352"]

1. g3 d5 2. Bg2 e5 3. d3 Nf6 4. e3 Be6 5. d4 Nc6 6. b3 Bd6 7. Bb2 exd4 8. exd4 Bf5 9. a3 h5 10. h3 Qe7+
11. Ne2 O-O-O 12. Nc3 Rde8 13. b4 Kb8 14. Kf1 Qe6 15. Qd2 Ne7 16. Kg1 h4 17. g4 Nxg4 18. hxg4 Bxg4 19. Nf4 Bxf4 20. Qxf4 Ng6
21. Qg5 Rh5 22. Qe3 Qd7 23. Qd3 h3 24. Bf1 Nh4 25. Rxh3 Reh8 26. Rxh4 Rxh4 27. Bg2 Bh3 28. Bf3 Bf5 29. Qe3 Re8 30. Qg5 Rh6
31. Nxd5 Rg6 32. Qxg6 Bxg6 33. Ne3 Be4 34. Bxe4 Rxe4 35. Kf1 f5 36. Re1 Qf7 37. Ke2 f4 38. Kd3 Qg6 39. Kc3 fxe3 40. fxe3 Qc6+
41. Kd3 Rh4 42. Re2 Qe4+ 43. Kd2 g5 44. Rf2 b6 45. Bc1 Qh1 46. Bb2 Qg1 47. Re2 Qf1 48. d5 Rh1 49. Bf6 Qxf6 50. d6 Qxd6+
51. Kc3 Qe5+ 52. Kd2 Ra1 53. Re1 Qd5+ 54. Ke2 Qg2+ 55. Kd3 Rxe1 56. Kc3 Rxe3+ 57. Kb2 Qd2 58. Kb1 Rc3 59. Ka1 Qc1+ 60. Ka2 Rxa3#
0-1

[Event "Otoño 2016"]
[Site "SchemingMind.com"]
[Date "2016.12.02"]
[Round "-"]
[White "David Perna-Fraser"]
[Black "greghghs"]
[Result "0-1"]
[WhiteCountry "CAN"]
[BlackCountry "ENG"]
[WhiteElo "2242"]
[WhiteRD "72"]
[BlackElo "2338"]
[BlackRD "69"]
[GameID "407414"]

1. e4 c5 2. Nf3 d6 3. d4 cxd4 4. Nxd4 Nf6 5. Nc3 Nc6 6. f3 g6 7. Be3 Bg7 8. Qd2 O-O 9. g4 Be6 10. Nxe6 fxe6
11. O-O-O Ne5 12. Be2 Qa5 13. Kb1 Rac8 14. Nb5 Qxd2 15. Bxd2 Nc6 16. c3 Nd7 17. Be3 a6 18. Nd4 Nd8 19. h4 Be5 20. Bh6 Rf7
21. h5 Bf4 22. hxg6 hxg6 23. Bxf4 Rxf4 24. Rh2 Nf8 25. e5 Nf7 26. exd6 exd6 27. Nc2 Kg7 28. Nb4 Rf6 29. Nd3 g5 30. Rdh1 Rh6
31. Rxh6 Nxh6 32. Rh5 Nf7 33. f4 Kf6 34. fxg5+ Nxg5 35. Kc2 Nd7
0-1

[Event "Otoño 2016"]
[Site "SchemingMind.com"]
[Date "2016.12.03"]
[Round "-"]
[White "David Perna-Fraser"]
[Black "Juan Jose Rivas Maceda"]
[Result "0-1"]
[WhiteCountry "CAN"]
[BlackCountry "PER"]
[WhiteElo "2242"]
[WhiteRD "72"]
[BlackElo "2583"]
[BlackRD "86"]
[GameID "407415"]

1. e4 e5 2. Nf3 Nc6 3. Bc4 Bc5 4. O-O Nf6 5. d3 d6 6. c3 O-O 7. a4 a6 8. Re1 Ne7 9. d4 Ba7 10. dxe5 Ng4
11. Rf1 dxe5 12. Qe2 Ng6 13. Na3 h6 14. h3 Nf6 15. Be3 Bxe3 16. Qxe3 b6 17. Rfd1 Qe7 18. Nc2 a5 19. Rd2 Bb7 20. Bd5 Nxd5
21. exd5 f5 22. Rad1 e4 23. Nfd4 f4 24. Qe1 Bxd5 25. Nf5 Rxf5 26. Rxd5 Rxd5 27. Rxd5 Re8 28. Qd1 Ne5 29. Nd4 c6 30. Rxe5 Qxe5
31. Nxc6 Qe6 32. Nd4 Qg6 33. Qb3+ Kh7 34. Qd5 e3 35. Qf3 Qb1+ 36. Kh2 Qd3 37. Qxf4 e2 38. Nxe2 Rxe2 39. b4 Qxc3 40. Qf5+ g6
41. Qf7+ Qg7 42. Qf3 Qe5+ 43. g3 axb4 44. Qf7+ Qg7 45. Qf3 Qe7
0-1

[Event "Otoño 2016"]
[Site "SchemingMind.com"]
[Date "2016.12.05"]
[Round "-"]
[White "frankly"]
[Black "David Perna-Fraser"]
[Result "1-0"]
[WhiteCountry "ENG"]
[BlackCountry "CAN"]
[WhiteElo "2531"]
[WhiteRD "59"]
[BlackElo "2263"]
[BlackRD "74"]
[GameID "407417"]

1. e4 e5 2. Nf3 Nf6 3. Nxe5 d6 4. Nf3 Nxe4 5. d4 d5 6. Bd3 Bd6 7. O-O O-O 8. c4 c6 9. cxd5 cxd5 10. Nc3 Nxc3
11. bxc3 h6 12. Re1 Qc7 13. Ne5 Nd7 14. Bf4 Bxe5 15. dxe5 Nc5 16. Bc2 Be6 17. Be3 Rac8 18. Bd4 Rfd8 19. a4 b6 20. a5 bxa5
21. f4 Ne4 22. Qh5 Kh7 23. f5 Bd7 24. Qxf7 Be8 25. Qxc7 Rxc7 26. Bxe4 dxe4 27. Rxa5 Bc6 28. e6 Rb7 29. g4 Re8 30. Rea1 Rc8
31. Rxa7 Rcb8 32. Rxb7 Rxb7 33. Kf2 Rb2+ 34. Ke3 Rb7 35. h3 Bd5 36. Ra5 Bc6 37. Rc5 Be8 38. Kxe4 Re7 39. Kd5 Ba4 40. Ra5 Be8
41. Ra8 Bb5 42. c4 Be8 43. Kd6
1-0

[Event "Otoño 2016"]
[Site "SchemingMind.com"]
[Date "2016.12.03"]
[Round "-"]
[White "David Perna-Fraser"]
[Black "JAHI"]
[Result "0-1"]
[WhiteCountry "CAN"]
[BlackCountry "INT"]
[WhiteElo "2052"]
[WhiteRD "72"]
[BlackElo "2034"]
[BlackRD "63"]
[GameID "407418"]

1. e4 g6 2. d4 Bg7 3. Nf3 d6 4. c3 e6 5. Bd3 d5 6. exd5 exd5 7. O-O Ne7 8. Re1 h6 9. Qe2 Be6 10. Ne5 Bxe5
11. Qxe5 Kd7 12. Nd2 Kc8 13. Nf3 Nd7 14. Qe2 Kb8 15. a4 g5 16. a5 a6 17. h4 gxh4 18. Nxh4 Rg8 19. Qf3 Nf8 20. Qh5 Qd7
21. f4 Neg6 22. f5 Nxh4 23. fxe6 Rxg2+ 24. Kh1 Qe7 25. Qxf7 Rg7 26. Qxe7 Rxe7 27. Bxh6 Ka7 28. Re5 Nfg6 29. Rxd5 Rxe6 30. Rh5 Rh8
31. Rf1 Ne7 32. Rxh4 Rhxh6 33. Rxh6 Rxh6+ 34. Kg2 Nd5 35. Be4 Ne3+ 36. Kf2 Nxf1 37. Kxf1 Rh5 38. b4 Rh3 39. c4 Rb3 40. b5 axb5
41. cxb5 Rxb5 42. Ke2 Rxa5 43. Kd3 Rh5 44. Kc4 Ka6 45. Bd3 Ka5 46. Be4 b6 47. Bc6 b5+ 48. Kd3 b4 49. Kc4 Rh3 50. Be4 Rc3+
51. Kd5 b3 52. Bh7 b2 53. Ke6 Rh3 54. Bf5 Rh6+ 55. Kd7 Kb6 56. Kc8 Rd6 57. Kb8 Rd8+ 58. Bc8 b1=Q 59. d5 Qa2 60. d6 Qa7#
0-1

[Event "Otoño 2016"]
[Site "SchemingMind.com"]
[Date "2016.12.06"]
[Round "-"]
[White "Milan"]
[Black "Juan Jose Rivas Maceda"]
[Result "0-1"]
[WhiteCountry "CZE"]
[BlackCountry "PER"]
[WhiteElo "2247"]
[WhiteRD "131"]
[BlackElo "2583"]
[BlackRD "86"]
[GameID "407477"]

1. Nf3 Nf6 2. g3 g6 3. Bg2 Bg7 4. O-O O-O 5. d3 d5 6. Nbd2 a5 7. e4 dxe4 8. dxe4 a4 9. Qe2 Nc6 10. Nc4 Bg4
11. Rd1 Qc8 12. c3 h6 13. Qc2 Qe6 14. Ne3 Bh5 15. Nd5 Rfd8 16. Be3 Nxd5 17. exd5 Rxd5 18. Rxd5 Qxd5 19. Nd4 Nxd4 20. cxd4 Bf3
21. Bxf3 Qxf3 22. Qxc7 Bf6 23. Rc1 Kg7 24. Qd7 a3 25. b4 g5 26. h3 Ra6 27. Qb5 Rd6 28. Rc3 e5 29. Qf1 Qh5 30. d5 Rxd5
31. Kh2 Rd1 32. Qg2 Qg6 33. Rxa3 e4 34. Ra5 Bd8 35. Rb5 b6 36. a4 Qe6 37. h4 Qg4 38. a5 Bc7 39. Bxg5 e3
0-1

[Event "Otoño 2016"]
[Site "SchemingMind.com"]
[Date "2016.12.05"]
[Round "-"]
[White "frankly"]
[Black "Milan"]
[Result "1-0"]
[WhiteCountry "ENG"]
[BlackCountry "CZE"]
[WhiteElo "2531"]
[WhiteRD "59"]
[BlackElo "2260"]
[BlackRD "131"]
[GameID "407479"]

1. e4 e6 2. d4 d5 3. Nc3 Bb4 4. e5 c5 5. a3 Bxc3+ 6. bxc3 Qa5 7. Bd2 Qa4 8. Qb1 c4 9. h4 Nc6 10. h5 h6
11. g3 Bd7 12. Bg2 O-O-O 13. Nf3 Nge7 14. Kf1 Kc7 15. Qb2 b6 16. Kg1 Kb7 17. Nh2 Na5 18. Bf3 Kb8 19. Nf1 Bc8 20. Ne3 Bb7
21. Rh4 Qe8 22. a4 Rf8 23. Kg2 Rc8 24. Qb5 Bc6 25. Qb4 Rh8 26. Bc1 Rd8 27. Kg1 Bb7 28. Ba3 Nec6 29. Qb2 Bc8 30. Qc1 Nb7
31. Bg2 Rg8 32. Qd1 Bd7 33. f4 Ne7 34. f5 Nxf5 35. Nxf5 exf5 36. Bxd5 Be6 37. Bg2 Bd5 38. Bxd5 Rxd5 39. Qf3 Qe6 40. Rf1 Ra5
41. Qxf5 Qxf5 42. Rxf5 Rxa4 43. Be7 Ra2 44. Rxf7 Rxc2 45. e6 Re8 46. Rg4
1-0

[Event "Otoño 2016"]
[Site "SchemingMind.com"]
[Date "2016.12.05"]
[Round "-"]
[White "greghghs"]
[Black "Milan"]
[Result "1/2-1/2"]
[WhiteCountry "ENG"]
[BlackCountry "CZE"]
[WhiteElo "2176"]
[WhiteRD "60"]
[BlackElo "2254"]
[BlackRD "140"]
[GameID "407480"]

1. e4 e6 2. d4 d5 3. Nc3 Bb4 4. e5 b6 5. a3 Bf8 6. Nf3 Ne7 7. h4 h6 8. h5 a5 9. Nb5 Ba6 10. c4 Bb7
11. Bf4 dxc4 12. Bxc4 Nd5 13. Bg3 Be7 14. O-O O-O 15. Rc1 c6 16. Nc3 Nxc3 17. Rxc3 c5 18. dxc5 Qxd1 19. Rxd1 Bxc5 20. Bf4 Na6
21. Be3 Bxe3 22. Rxe3 Rfc8 23. Bxa6 Bxa6 24. Rd6 b5 25. Nd4 b4 26. Nc6 Kf8 27. Nxa5 bxa3 28. Rxa3 Bb5 29. Rb6 Be8 30. Nb7 Rxa3
31. bxa3 Rb8 32. Rb4 Ra8 33. Nd6 Bc6 34. Rc4=
1/2-1/2

[Event "Otoño 2016"]
[Site "SchemingMind.com"]
[Date "2016.12.05"]
[Round "-"]
[White "Milan"]
[Black "David Perna-Fraser"]
[Result "1/2-1/2"]
[WhiteCountry "CZE"]
[BlackCountry "CAN"]
[WhiteElo "2259"]
[WhiteRD "140"]
[BlackElo "2278"]
[BlackRD "73"]
[GameID "407481"]

1. Nf3 Nf6 2. g3 e6 3. Bg2 Be7 4. O-O O-O 5. d3 d5 6. Nbd2 c5 7. e4 Nc6 8. Re1 b5 9. exd5 exd5 10. a4 b4
11. d4 Nxd4 12. Nxd4 cxd4 13. Nb3 Ne4 14. Qxd4 Re8 15. Bxe4 dxe4 16. Qxe4 Bh3 17. Bf4 Bf6 18. Qxe8+ Qxe8 19. Rxe8+ Rxe8 20. Be3 Bxb2
21. Rb1 Bc3 22. Bxa7 Ra8 23. Bd4 Rxa4 24. Bxc3 bxc3 25. Ra1 Rxa1+ 26. Nxa1 Kf8 27. f3=
1/2-1/2

[Event "Otoño 2016"]
[Site "SchemingMind.com"]
[Date "2016.12.05"]
[Round "-"]
[White "Milan"]
[Black "JAHI"]
[Result "1-0"]
[WhiteCountry "CZE"]
[BlackCountry "INT"]
[WhiteElo "2278"]
[WhiteRD "126"]
[BlackElo "2067"]
[BlackRD "72"]
[GameID "407482"]

1. Nf3 g6 2. g3 Bg7 3. Bg2 d6 4. O-O e6 5. d3 d5 6. Nbd2 b6 7. e4 Bb7 8. exd5 exd5 9. Re1+ Ne7 10. c3 Nd7
11. Nb3 h6 12. Bf4 Nb8 13. h4 Nc6 14. Qd2 Kf8 15. Nbd4 Kg8 16. Nxc6 Nxc6 17. d4 Bc8 18. Re3 Be6 19. Rae1 Bf5 20. b4 Rc8
21. a4 Be4 22. Bh3 Ra8 23. b5 Na5 24. Qa2 Rh7 25. Nd2 g5 26. Be5 Bxe5 27. dxe5 Qe7 28. Nxe4 dxe4 29. e6 Kh8 30. Rxe4 Rd8
31. hxg5 Nb7 32. Qa1 f6 33. gxf6 Qxf6 34. Rf4 Qe7 35. c4+ Kg8 36. Rf7 Qg5 37. e7 Kxf7 38. exd8=Q Qxd8 39. Be6+ Kf8 40. Re4 h5
41. Rf4+ Ke8 42. Bd5 Qd6 43. Bxb7 Ke7 44. Bc6 h4 45. Qe1+ Qe6 46. Re4 Rh6 47. Bd5 Qxe4 48. Qxe4+ Kd6 49. Qf4+ Kc5 50. Qxh6 Kb4
51. Qxh4 Ka5 52. Qh7 Kb4 53. Qxc7 Kb3 54. Qxa7 Kb4 55. Qxb6 Kc3 56. a5 Kb3 57. c5+ Kb4 58. c6 Ka3 59. Qc5+ Ka4 60. c7 Kxa5
61. b6+ Ka4 62. Bc6+ Kb3 63. b7 Ka2 64. b8=Q Ka1 65. Qa5#
1-0